000
00259nam a2200085Ia 4500
245
0
_a
Assessment centres : unlocking potential for growth
100
_a
Roodt, Gert Randburg, South Africa, 2008
942
_c
BK
008
210819s9999 xx 000 0 und d
999
_c
310448
_d
310448